El pater noster de Santa Teresa de Jesús
Gespeichert in:
| 1. Verfasser: | |
|---|---|
| Format: | Buch |
| Sprache: | Spanisch |
| Veröffentlicht: |
Madrid
Librería de San José
1888
|
| Ausgabe: | 1a. ed |
| Schlagworte: | |
| Tags: |
Tag hinzufügen
Keine Tags, Fügen Sie den ersten Tag hinzu!
|
MARC
| LEADER | 00000cam a2200000 a 4500 | ||
|---|---|---|---|
| 001 | UCD0734 | ||
| 003 | CL-VaPUC | ||
| 008 | 151210e18880000sp |||||||||||||||||spa|d | ||
| 082 | 0 | 4 | |a 248.482 |b FRA |2 21 |
| 100 | 0 | |a Frassinetti, José |e author |9 583748 | |
| 245 | 1 | 3 | |a El pater noster de Santa Teresa de Jesús |
| 250 | |a 1a. ed | ||
| 300 | |a 392 p | ||
| 942 | |c BK | ||
| 945 | |d 20151210 22:58:00 |a gsalatino | ||
| 260 | |a Madrid |b Librería de San José |c 1888 | ||
| 600 | 0 | 7 | |a SANTA TERESA DE JESUS |2 CL-VaPUC |9 313710 |
| 650 | 0 | |a Cristianismo |9 257361 | |
| 650 | 0 | |a Espiritualidad |9 267331 | |
| 650 | 0 | |a Oración |9 313348 | |
| 583 | |a last modification |c 20151210 22:58:00 |k Rodrigo Vera | ||
| 999 | |c 362196 |d 362194 | ||
| 952 | |0 0 |1 0 |3 erd |4 0 |6 248_482000000000000_FRA_1888 |7 0 |8 P |9 473155 |a BIBTEO |b BIBTES |c TEO_FTES |i 5273161 |o 248.482 FRA 1888 |p 5273161 |r 2024-01-18 |w 2019-11-24 |y BK |z Catalogado en:20151210 |k ICR | ||